| Tag |
First Indicator |
Second Indicator |
Subfields |
| LEADER |
00000cam a2200000I 4500 |
| 001 |
in00002366721 |
| 005 |
20151109042412.0 |
| 008 |
750326s1930 enk 001 0 eng |
| 010 |
|
|
|a 30031155
|
| 029 |
1 |
|
|a AU@
|b 000004911820
|
| 035 |
|
|
|a (OCoLC)ocm01238346
|
| 035 |
|
|
|a (OCoLC)1238346
|
| 040 |
|
|
|a DLC
|c SMI
|d OCL
|d OCLCQ
|d TXA
|d UtOrBLW
|
| 049 |
|
|
|a TXAM
|
| 050 |
0 |
0 |
|a D602
|b .B25 1930
|
| 082 |
0 |
|
|a 940.44
|
| 100 |
1 |
|
|a Baring, Maurice,
|d 1874-1945.
|
| 245 |
1 |
0 |
|a Flying corps headquarters, 1914-1918 /
|c by Maurice Baring.
|
| 264 |
|
1 |
|a London :
|b W. Heinemann Ltd.,
|c 1930.
|
| 300 |
|
|
|a 5 preliminary leaves, 3-313 pages ;
|c 21 cm.
|
| 336 |
|
|
|a text
|b txt
|2 rdacontent
|
| 337 |
|
|
|a unmediated
|b n
|2 rdamedia
|
| 338 |
|
|
|a volume
|b nc
|2 rdacarrier
|
| 500 |
|
|
|a Includes index.
|
| 500 |
|
|
|a Cushing Library Ragan Military copy part of the Alan Culpin Military History Collection.
|
| 500 |
|
|
|a "First published (G. Bell & sons) 1920 [under title: R.F.C.H.Q. 1914-1918] First published in collected edition (William Heinemann ltd.) 1930."
|
| 650 |
|
0 |
|a World War, 1914-1918
|x Aerial operations.
|
| 610 |
1 |
0 |
|a Great Britain.
|b Royal Air Force.
|
| 948 |
|
|
|a cataloged
|b h
|c 2008/4/8
|d c
|e ceaton
|f 9:46:20 am
|
| 994 |
|
|
|a C0
|b TXA
|
| 999 |
|
|
|a MARS
|
| 999 |
f |
f |
|s 0a36566d-e19a-318a-866c-f7ce88d3c24b
|i 1873ff9d-c494-3dfd-a064-28affb9d1c42
|t 0
|
| 952 |
f |
f |
|p noncirc
|a Texas A&M University
|b College Station
|c Cushing Memorial Library & Archives
|d Cushing: Ragan Military (Does not check out)
|t 0
|e D602 .B25 1930
|h Library of Congress classification
|i unmediated -- volume
|m A14852140368
|
| 998 |
f |
f |
|a D602 .B25 1930
|t 0
|l Cushing: Ragan Military (Does not check out)
|